Fragen aus der Wissenschaft - Buchstaben SCH - Statistiken

Allgemein
  • Dieses Quiz wurde 119 mal gespielt
  • Das Durchschnittsergebnis liegt bei 10 aus 20
Antwortstatistiken
Hinweis Antwort % Korrekt
Gefrorene Form des Niederschlags Schnee
98%
Grund, warum der Apfel zu Boden fällt Schwerkraft
93%
Vom Gehör wahrgenommene mechanische Schwingungen Schall
88%
Nichtmetall mit zitronengelber Farbe, häufig bei Vulkanen Schwefel
82%
Schwere psychische Erkrankung - Wahnvorstellung Schizophrenie
75%
Österreichischer Quantenphysiker - Katze (1887-1961) Erwin Schrödinger
65%
Akute Infektionskrankheit mit Hautausschlag, Himbeerzunge Scharlach
65%
Temperatur, bei dem ein Stoff flüssig wird Schmelzpunkt
63%
Deutscher Chemiker und Unternehmer - Haarkosmetik (1874-1921) Hans Schwarzkopf
55%
System grafischer Zeichen zur Darstellung von Sprache Schrift
44%
Tierkreis-Sternbild - hellster Stern: Epsilon Sagittarii Schütze
43%
Gruppe von Meeressäugern, die zusammen schwimmt Schule
41%
Sesshaftes, im Meer lebendes Tier ohne Sinneszellen Schwamm
34%
Elsässischer Arzt und Philosoph - Urwalddoktor in Gabun (1875-1965) Albert Schweitzer
32%
Periodisch wiederholender Zustand verminderter Bewusstheit Schlaf
31%
Deutscher Archäologe - Entdeckung Trojas (1822-1890) Heinrich Schliemann
26%
Deutscher Philosoph, Historiker, Arzt und Dichter (1759-1805) Friedrich Schiller
25%
Deutscher Philosoph des radikalen Pessimismus (1788-1860) Arthur Schopenhauer
17%
Mittelalterliche philosophisch-theologische Lehre Scholastik
9%
Deutscher Astronom - Schwarze Löcher, Ereignishorizont (1873-1916) Karl Schwarzschild
2%
Keine übereinstimmenden Quizze gefunden
Verteilung der Resultate
Anzahl Personen mit jedem Resultat
Perzentil nach korrekt beantworteten Fragen
Ihre Resultats-Entwicklung
Sie haben dieses Quiz noch nicht gespielt